Normal view
MARC view
Entry Personal Name
001 - CONTROL NUMBER
- control field: 8362
003 - CONTROL NUMBER IDENTIFIER
- control field: BD-RjUL
005 - DATE AND TIME OF LATEST TRANSACTION
- control field: 20230816112934.0
008 - FIXED-LENGTH DATA ELEMENTS
- fixed length control field: 230816|| aca||aabn | a|a d
040 ## - CATALOGING SOURCE
- Original cataloging agency: BD-RjUL
- Transcribing agency: BD-RjUL
100 ## - HEADING--PERSONAL NAME
- Personal name: গুপ্ত, ক্ষেত্র
670 ## - SOURCE DATA FOUND
- Source citation: Work cat.: (BD-RjUL)81696: মিত্র, দীনবন্ধু 148087, দীনবন্ধু রচনাবলী :, ১৯৬৭